| 000 | 00358nam a2200133Ia 4500 | ||
|---|---|---|---|
| 008 | 181130s2018 xx 000 0 und d | ||
| 245 |
_aSpecial issue: _bwither Russia? Twenty-five years after the collapse of communism |
||
| 260 | _c2018 | ||
| 300 | _ap.295-473. | ||
| 504 | _dApr | ||
| 650 | _aRussia | ||
| 773 | _aComparative Politics | ||
| 906 | _aRussia | ||
| 999 |
_c506271 _d506271 |
||